|
|
|
|
| LEADER |
01019nam a2200325 4500 |
| 001 |
DLU090095516 |
| 005 |
##20091201 |
| 040 |
# |
# |
|a DLU
|b eng
|
| 041 |
# |
# |
|a eng
|
| 044 |
# |
# |
|a us
|
| 100 |
# |
# |
|a Matsunaga, Daisaku.
|
| 245 |
# |
# |
|a Azo-pendant polyamides which have the potential to photoalign chromonic lyotropic liquid crystals /
|c Daisaku Matsunaga, Takashi Tamaki, Kunihiro Ichimura.
|
| 653 |
# |
# |
|a Condensation polymerization
|
| 653 |
# |
# |
|a Liquid crystals
|
| 653 |
# |
# |
|a Organic compounds
|
| 653 |
# |
# |
|a Polyamides
|
| 653 |
# |
# |
|a Polyesterification
|
| 653 |
# |
# |
|a Thin films
|
| 700 |
# |
# |
|a Ichimura, Kunihiro.
|
| 700 |
# |
# |
|a Tamaki, Takashi.
|
| 773 |
# |
# |
|t Journal of Materials Chemistry
|g Vol. 13, no. 7 (2003), p. 1558-1564
|
| 920 |
# |
# |
|a Phòng Tạp chí -- Trung tâm Thông tin - Thư viện Trường Đại học Đà Lạt
|
| 994 |
# |
# |
|a DLU
|
| 900 |
# |
# |
|a True
|
| 911 |
# |
# |
|a Trương Bảo Trâm Anh
|
| 925 |
# |
# |
|a G
|
| 926 |
# |
# |
|a A
|
| 927 |
# |
# |
|a BB
|
| 980 |
# |
# |
|a Thư viện Trường Đại học Đà Lạt
|